Gramsci e o debate sobre a scola pública no Brasil /

Com o fim da ditadura militar no Brasil, as pressões sociais e políticas advindas dos movimentos populares colocaram para os setores progressistas da sociedade o desafio de formular projetos para democratizar o país. No campo educacional, o debate político sobre as diretivas para organizar a escola...

Descripción completa

Detalles Bibliográficos
Autor principal: Dore, Rosemary
Formato: Libro
Lenguaje:portugués
Materias:
Acceso en línea:Acceso electrónico al documento

MARC

LEADER 00000cam a2200000 a 4500
001 026750
003 UAHC_CL
005 20170803122715.0
008 070830s2006 bl 000 por
040 |a UAHC_CL  |c UAHC_CL  |d UAHC_CL 
100 1 |a Dore, Rosemary 
245 1 0 |a Gramsci e o debate sobre a scola pública no Brasil /  |c Rosemary Dore. 
500 |a En: Cadernos CEDES, vol.26, no.70, 2006. pp. 329-352.ISSN 0718-090X.\Modo de acceso: Internet --(Página web visitada el 30 de agosto de 2007) 
520 |a Com o fim da ditadura militar no Brasil, as pressões sociais e políticas advindas dos movimentos populares colocaram para os setores progressistas da sociedade o desafio de formular projetos para democratizar o país. No campo educacional, o debate político sobre as diretivas para organizar a escola pôs em confronto duas grandes concepções.\De um lado, a noção de “aparelho ideológico de Estado”, proposta por Louis Althusser, e, de outro, a idéia de que a escola é “aparelho ‘privado’ de hegemonia”, baseada na reflexão de Antonio Gramsci. O confronto entre as duas noções de escola e os problemas da assimilação do pensamento gramsciano na área educacional, cujos efeitos alcançam\a atualidade, é o objeto de análise deste ensaio. 
650 4 |a ESCUELA PUBLICA 
856 |u http://www.scielo.br/pdf/ccedes/v26n70/a04v2670.pdf  |3 Acceso electrónico al documento  |y Acceso electrónico al documento 
900 |a CADERNOS CEDES-70/06 
942 |c BK 
999 |c 26750  |d 26750